Регионална библиотека "Любен Каравелов" - Русе

Песен за похода на Игор, Игор Святославич, внук Олегов (Запис номер 342279)

MARC детайли
000 -Лидер
Контролно поле с фиксирана дължина 01311nam a2200301 c 4500
003 - Код на организацията, давaща контролен номер
Контролно поле BLK
005 - Дата и час на последна редакция
Контролно поле 20220210111152.0
008 - Елементи от данни с фиксирана дължина
fixed length control field 180911b bul|||||r ||||||| ||bul||
010 ## - Наследен системен номер
LC control number 001918
040 ## - Източник на каталожния запис
Идентификатор на билиотеката - собственик на записа BLK
041 ## - Код за език
Код за езика на текст/звукозапис или на отделно заглавие Български
Код за езика КДБФ Български
080 ## - УДК
УДК - код + определител 882-1
100 1# - Редна дума - Автор
Авторска отговорност първи автор
R(LIN) 399393
245 10 - Сведения за заглавието
Заглавие Песен за похода на Игор, Игор Святославич, внук Олегов
Редно поле (дума) прев. Людмил Стоянов
246 ## - Различни форми на заглавието
Подзаглавни данни ПЕСЕН
Наименование на поредна част от произведението лирика-поеми
260 ## - Област на издателските данни
Място на издаване, разпространение и проч. София
Име на издателя, разпространителя и проч. БАН
Година на издаване 1954
Печатница ДСП Дечо Стефанов
300 ## - Физическа характеристика
Страници 142 с. : с ил
Размери/Мащаб 31 см
380 ## - Жанр
Жанр Литературознание
490 ## - СЕРИИ (Колекции)
Име на серия Частна колекция - Академик Михаил Арнаудов
Бележки за серията Дарение - Основен фонд
500 ## - Общи забележки
Забележка Автогрdb с текст: На приятеля проф. Михаил Арнаудов, за връзките ни в миналото в литературата и за неговата огромна научна и литературна дейност. Людмил Стоянов 18/ I 959 г. София
653 ## - Ключова дума – ненормативна
Ключова дума лирика
653 ## - Ключова дума – ненормативна
Ключова дума поеми
655 ## - Ключова дума – жанр/разновидност
Данни за жанр/разновидност или ключова дума за фокус руска литература
700 1# - Други автори (авторска отговорност)
Лично име Людмил Стоянов
Автороска отговорност (Описва отношението между автора и произведението) Прев.
9 (RLIN) 399394
700 1# - Други автори (авторска отговорност)
Лично име Попов, Георги
9 (RLIN) 399395
762 ## - Описание на подсерията (дигитална колекция)
9 (RLIN) 409507
Име на дигиталната колекция Послания на времето
Резюме на колекция Акад. Михаил Арнаудов - послания и дарствени слова
Описание на колекция Академик Михаил Арнаудов е личност със значимо присъствие в българската култура и принос в областта на науката, литературата, фолклора, историята на българското Възраждане, социологията, философията и народопсихологията. Цялото документално и библиотечно наследство на родения в Русе виден учен е национално богатство от изключително значение. Единствено Регионална библиотека „Любен Каравелов“ – Русе притежава колекция от над 1500 книги от личната библиотека на Михаил Арнаудов с автографи, послания и дарствени надписи от български и чужди знакови личности. Зад всеки автограф се крие историята на взаимоотношенията между Академика и неговите съвременници. Тези автографи са неизвестни и неизследвани страници от българското културно наследство.
Номер на изображение 2
Описание на изображение Текст: На приятеля проф. Михаил Арнаудов, за връзките ни в миналото в литературата и за неговата огромна научна и литературна дейност. Людмил Стоянов 18/I 959 г. София
Название на изображение Автограф от Людмил Стоянов
763 ## - Описание на подсерията (дигитални колекции - автор)
Връзки 346810
Автор към изображението Стоянов, Людмил
Дати, свързани с автора 06.02.1886 – 11.04.1973
Друга информация Людмил Стоянов е псевдоним на Георги Златарев – български писател, поет, преводач и литературен критик, академик Участва в Балканската и Междусъюзническата война, като редник а през Първата световна война е артилерист и военен кореспондент. От 20-те години на XX век развива активна публицистична и литературна дейност. Съосновател е на театър „Студия“ и редактор на списание „Театър – Студия“, символистичното списание „Везни“ и списание „Хиперион“. Редактира също списание „Славяни“ и „Септември“. Пише във френския комунистически вестник „Юманите“. От 1946 до 1949 г. е председател на Съюза на българските писатели. Член на Световния съвет на мира. От 1949 до 1959 г. е директор на Института за литература на БАН. Литературният му дебют е на страниците на сп. „Художник“, където публикува лирическия цикъл „Замръзнали цветя“. Людмил Стоянов остава в литературната история с творби като „Меч и слово“, „Видения на кръстопът“, както и със следвоенните си произведения – „Холера“, „Сребърната сватба на полковник Матов“ и др. Изявява се и като драматург и преводач.
Номера от таг 762 подп. 9 409507
Номер на изображение 2
Пълно име на автора Людмил Стоянов
852 ## - Местоположение
Форматна сигнатура МА 2963
Фондова буква Фонд "Михаил Арнаудов"
999 ## - СИСТЕМНИ КОНТРОЛНИ НОМЕРА
Koha biblionumber 342279
Koha biblioitemnumber 342279
942 ## - АРТИКУЛИ
Вид на библиотечния материал Книги
Скрит в OPAC Не
Периодичен библиозапис Да
944 ## - СЪЗДАВАНЕ И РЕДАКЦИЯ на ЗАПИСА
Създаване/Редакция Създаване
Дата на регистрацията/редакция 1994
999 ## - СИСТЕМНИ КОНТРОЛНИ НОМЕРА
Koha biblioitemnumber 342279
999 ## - СИСТЕМНИ КОНТРОЛНИ НОМЕРА
Koha biblioitemnumber 342279
999 ## - СИСТЕМНИ КОНТРОЛНИ НОМЕРА
Koha biblioitemnumber 342279
999 ## - СИСТЕМНИ КОНТРОЛНИ НОМЕРА
Koha biblioitemnumber 342279
999 ## - СИСТЕМНИ КОНТРОЛНИ НОМЕРА
Koha biblioitemnumber 342279
999 ## - СИСТЕМНИ КОНТРОЛНИ НОМЕРА
Koha biblioitemnumber 342279
999 ## - СИСТЕМНИ КОНТРОЛНИ НОМЕРА
Koha biblioitemnumber 342279
Наличности
Код за отписване Код за изгубен артикул Източник на класификационната схема Код за повреда Коз за рестрикции Код за отдаване Артикулен № Име на библиотеката - собственик Име на библиотеката, в която се намира в момента Статус (Текущо местоположение) Местоположение - отдел Цена в лева Номерация (Хронология) Инвентарен номер Систематично азбучна сигнатура Баркод Номер на екземпляра Цена в евро Служебен тип на артикула Дата на вписване в системата
  Не е изгубен Universal Decimal Classification Не е повреден само за читалня Специални фондове ( старопечатни, редки и ценни, фонд М. Арнаудов) 742338 Регионална библиотека "Любен Каравелов" Русе Регионална библиотека "Любен Каравелов" Русе Фонд "Михаил Арнаудов" Фонд "Михаил Арнаудов" 25.00 Автограф: Людмил Стоянов 591003 МА 2963 120000591003 1 12.78 Книги  
  Не е изгубен Universal Decimal Classification Не е повреден само за читалня ползва се в читалня 808053 Регионална библиотека "Любен Каравелов" Русе Регионална библиотека "Любен Каравелов" Русе Хранилище Основен фонд - ползва се само за читалня 2.50   6067/56 Цб ІІ 65 900000047197   1.28 Книги 2021-01-21
Vip Innovations Ltd, Rousse, Bulgaria 2025